| 000 | 00624nam a2200217Ia 4500 | ||
|---|---|---|---|
| 003 | 0100 | ||
| 008 | 130303s9999 xx 000 0 und d | ||
| 040 | _cARRUPELIB | ||
| 050 | _aBR118.C8A258 | ||
| 100 | _aRegional Secretariat for Africa and Madagascar | ||
| 245 | _aAfrican cultural identity and christian education | ||
| 245 | _b(provisional translation) | ||
| 260 | _aKinshasa | ||
| 260 | _bRegional Secretariat of Catholic Education for Africa and Madagascar (S.R.A.M.) | ||
| 260 | _C1980 | ||
| 300 | _a102p. | ||
| 300 | _b 27cm | ||
| 650 | _bSubject--Heading | ||
| 700 | _aKamiya, I. (ed.) | ||
| 942 | 0 | 0 | _01 |
| 999 |
_c26075 _d26075 |
||